| 000 | 00414nam a22001697a 4500 | ||
|---|---|---|---|
| 003 | CEME | ||
| 005 | 20210628205757.0 | ||
| 008 | 210316b xxu||||| |||| 00| 0 eng d | ||
| 040 | _c. | ||
| 082 | _a891.4393 QAS | ||
| 245 | _aKapass ka phool | ||
| 250 | _aAHMAD NADEEM QASMI QASMI, AHMED NADEEM | ||
| 260 |
_aLAHORE _bASATEER _c1995 |
||
| 300 | _a275P | ||
| 650 |
_aURDU ADAB-FICTION _965375 |
||
| 942 |
_cBK _2ddc |
||
| 999 |
_c582310 _d582310 |
||